| 000 | 00938nam a22003017a 4500 | ||
|---|---|---|---|
| 001 | 8104 | ||
| 003 | FISKH | ||
| 005 | 20250825090535.0 | ||
| 008 | 250825b cb ||||| |||| 00| 0 eng d | ||
| 020 | _a0140368523 | ||
| 040 |
_aFISKH _beng _cFISKH _dFISKH |
||
| 050 | _aPZ7.Z487 N | ||
| 082 | _a813 | ||
| 100 |
_aZiefert, Harriet _d(1941-) |
||
| 245 |
_aNicky upstairs and down / _cHarriet Ziefert ; Pictures by Richard Brown |
||
| 250 | _aThis edition first published in 1994 | ||
| 260 |
_aNew Zealand : _bPuffin, _c1987 |
||
| 300 |
_a29 unnumbered pages : _bcolor illustrations ; _c23 cm |
||
| 505 | _aG | ||
| 520 | _aNicky the cat runs upstairs and downstairs to hide from his mother. | ||
| 521 | 8 |
_a310
_bLexile |
|
| 521 | 8 |
_aG
_bRaz-Plus |
|
| 650 |
_2Easy reader _aChildrens illustrated |
||
| 650 |
_2Cats _aPenguin Young Readers |
||
| 700 |
_aBrown, Richard _dillustrator |
||
| 942 |
_2ddc _cBK _n0 |
||
| 999 |
_c8104 _d8104 |
||